000 00328nam a2200133Ia 4500
008 191201s1969 xx 000 0 und d
100 _aSTEPHENSON, Reginld J
245 0 _aMechanics and Properties of Matter
250 _a3rd
260 _aN.Delhi
_bJohn Wiley
_c1969
300 _a375
650 _aB.Tech(ME)
942 _2ddc
_cBK
999 _c2480
_d2480